00442nam a22001577a 450000500170000001000150001702000260003203500140005803700090007208200110008110000150009224500480010726000360015527000650019130000280025620250523162942.0 aENG-144995 a9789350578001c195.00 aEN-128527 bDBAD a616.97 aSethi, A K aAllergy Cure:bThe Natural Way/c A K Sethi aNew DelhibV&S Publishersc2017 aF-2/16, Ansari road, Daryaganj, New DelhibNew Delhie110002 a80p.bcol.illc21cm(pb)